000 00212nam a2200097Ia 4500
008 190216s9999||||xx |||||||||||||| ||und||
100 _aSachidev
245 0 _aAdvanced Economic Theory
260 _bNull
942 _cBK
999 _c9189
_d9189